000 00334nam a2200169Ia 4500
100 _aSegaram/Toby
650 _aSemantic web
942 _cBK
366 _f20
654 _asemantic web
245 _aProgramming the semantic web
260 _bSPD
_c2009
082 _bSEG
300 _a280
546 _aENGLISH
999 _c34396
_d34396